Manažér a čas

Gespeichert in:
Bibliographische Detailangaben
1. Verfasser: Olexová, Cecília, 1976-
Körperschaft: Ekonomická univerzita v Bratislave. Podnikovohospodárska fakulta so sídlom v Košiciach
Weitere Verfasser: Bosáková, Mária, Hofman, Jiří, Vavrinčík, Pavel
Format: Buch
Sprache:Slowakisch
Veröffentlicht: Bratislava Vydavateľstvo EKONÓM 2008
Schlagworte:
Tags: Tag hinzufügen
Keine Tags, Fügen Sie das erste Tag hinzu!

MARC

LEADER 00000nam$a2200000$$$4500
001 0086761
005 20240502071959.2
020 |a 978-80-225-2625-8 
041 0 |a slo 
044 |a SK 
245 1 0 |a Manažér a čas  |c Cecília Olexová, Mária Bosáková 
264 1 |a Bratislava  |b Vydavateľstvo EKONÓM  |c 2008 
300 |a 178 s. [8,874 AH] 
610 2 0 |a manažment času 
610 2 0 |a manažéri 
610 2 0 |a stresy 
610 2 0 |a riadenie 
610 2 0 |a plánovanie času 
610 2 0 |a efektívnosť práce 
100 1 |a Olexová, Cecília, 1976- 
700 1 |a Bosáková, Mária 
700 1 |a Hofman, Jiří 
700 1 |a Vavrinčík, Pavel 
710 2 |a Ekonomická univerzita v Bratislave. Podnikovohospodárska fakulta so sídlom v Košiciach